Thomas Character or British PM? - Statistics

General Stats
  • This quiz has been taken 22 times
  • The average score is 8 of 15
Answer Stats
Question Answer % Correct
Margaret British Prime Minister
100%
Herbert British Prime Minister
100%
Andrew British Prime Minister
100%
Alec British Prime Minister
100%
Emily Thomas the Tank Engine Character
100%
Arthur Both
67%
Donald Thomas the Tank Engine Character
67%
Byron Thomas the Tank Engine Character
67%
Henry Both
33%
Harold Both
33%
Toby Thomas the Tank Engine Character
33%
James Both
0%
Gordon Both
0%
Edward Both
0%
Spencer Both
0%
No matching quizzes found
Score Distribution
Percent of People with Each Score
Percentile by Number Answered
Your Score History
You have not taken this quiz